000 00961nam a2200301Ia 4500
005 20220317001833.0
008 170410s2013 s g 000 f s
020 _a9788483463758
041 _aspa
100 1 _aOz, Amos
_d1939-
245 1 0 _aDe repente en lo profundo del bosque
_cAmos Oz ; traducción de Raquel García Lozano
250 _a2a. edición
300 _a150 páginas
_c19 cm
490 _aContemporánea
500 _aIncluye datos biográficos del autor
650 1 4 _2LEMB
_aNovela israeli
_ySiglo XX
650 1 4 _2LEMB
_aLiteratura israeli
_ySiglo XX
650 1 4 _2LEMB
_aNovela fantástica
650 1 4 _2LEMB
_aSecretos en la literatura
700 1 _aGarcía Lozano, Raquel
_977726
942 _2loc
_cBKLIT
264 _aMadrid
_bDebolsillo
_c2013
336 _atexto
_btxt
_2rdacontent
337 _asin mediación
_bn
_2rdamedia
338 _avolumen
_bnc
_2rdacarrier
040 _aCO-BoRNBP
_bspa
_erda
_cCO-BoRNBP
084 _aN OZA1
999 _c8261
_d8261